المسيح الدجال : (رقم التسجيلة. 56898)

تفاصيل مارك
000 -الفاتح
عناصر البيانات ثابتة الطول 00565cam a2200169 i 4500
005 - تاريخ ووقت آخر معاملة
حقل ضبط 20251113121223.0
008 - عناصر البيانات ثابتة الطول
عناصر البيانات ثابتة الطول 250721r1989 ua gr 000 0 ara d
020 ## - الترقيم الدولي المعياري للكتب (ردمك)
الترقيم الدولي المعياري للكتب (ردمك) 9771422189
082 14 - رقم تصنيف ديوي العشري
رقم التصنيف 200
رقم المادة أ ي و
100 1# - مدخل رئيسي – اسم شخصي
الاسم الشخصي أيوب، سعيد.
علاقة الشخص بالعمل/ دوره مؤلف.
245 12 - بيان العنوان
العنوان المسيح الدجال :
بقية العنوان قراءه سياسيه في أصول الديانات الكبرى /
بيان المسؤولية سعيد أيوب.
264 31 - بيانات النشر، التوزيع…إلخ
مكان النشر، التوزيع...إلخ القاهره :
اسم الناشر، الموزع...إلخ دار الأعتصام،
تاريخ النشر، التوزيع...إلخ 1989.
300 ## - الوصف المادي
عدد الوحدات المكونة للوعاء 336 صفحة.
650 17 - مدخل إضافي بالموضوع - مصطلح موضوعي
مصطلح موضوعي أو اسم جغرافي كعنصر مدخل الديانات.
942 ## - بيانات إضافية (كوها)
نوع التنصيف Dewey Decimal Classification
نوع المادة (كوها) كتب
المقتنيات
حالة السحب حالة الفقدان مصدر التصنيف حالة التلف غير قابل للإعارة المكتبة الرئيسية المكتبة الحالية موقع الرف تاريخ التزويد الرقم المتسلسل Total Checkouts رقم الإستدعاء تاريخ آخر ظهور تاريخ الفاتورة نوع المادة (كوها) الباركود
    Dewey Decimal Classification     المكتبة المركزية المكتبة المركزية الإعارة 01/06/2016 1631012   200 / أ ي و 28/07/2025 01/06/2016 كتب PLD00390751
    Dewey Decimal Classification Unchecked   مكتبة النصر العامة مكتبة النصر العامة الإعارة 06/07/2004 407   200/ايو 28/07/2025 06/07/2004 كتب  
Implemented & Customized by: BBB with SCIT (Smart Chains for Information Technology)

Powered by Koha